000
00274nam a2200085Ia 4500
008
171024s2001 xx 000 0 und d
245
_a
Compendium Of Environment Statistics 2000
260
_a
New Delhi
_b
CSOMSPIGI
_c
2001
650
_a
Biodiversity - atmosphere
_a
Land - soil - water
999
_c
110436
_d
110436